00677nam a22001937a 4500999001900000005001700019010001300036020002600049035001200075037001600087082001000103245010800113246006600221260005300287270005900340300002100399700003400420942002900454 c194194d19419420221209122020.0 aUR-11783 a9789393785077c300.00 aU-10338 bDBAD/PUBa- a840.8 aمینا ر فکر و فن معراج احمد معراج /cمرتب - شاذ یہ فخرhا ر د و aMinar-e-Fikr o Fan Meraj Ahmad Meraj /bed. by Shazia Fakhar  aNew DelhibEducational Publishing Housec2021 ء aH.o. D1/16, Ansari Road, Darya GanjbNew Delhie110002 a224 صc23cm(Hb) aمرتب - شاذ یہ فخر 2ddccURh840.8mش ا ذ